MARC

LEADER 00000nam0a2200000 4500
001 300928
005 20231102001342.0
035 |a (RuTPU)RU\TPU\book\326081 
090 |a 300928 
100 |a 20150720d1983 km y0rusy50 ca 
101 1 |a rus  |c eng 
102 |a RU 
105 |a a z 001zy 
200 1 |a Симметричная проблема собственных значений. Численные методы  |e пер. с англ.  |f Б. Парлетт 
210 |a Москва  |c Мир  |d 1983 
215 |a 382 с.  |c ил. 
320 |a Библиогр.: с. 359-368 
320 |a Именной указатель: с. 371-372 
320 |a Предметный указатель: с. 373-378 
606 1 |a Собственные значения  |x Задачи  |x Решение  |x Численные методы  |2 stltpush  |3 (RuTPU)RU\TPU\subj\55404  |9 73440 
610 1 |a вычислительная алгебра 
610 1 |a самосопряженные матрицы 
610 1 |a задачи 
610 1 |a помехи 
610 1 |a количество 
610 1 |a векторные итерации 
610 1 |a ортогональные матрицы 
610 1 |a метод Якоби 
610 1 |a аппроксимация 
610 1 |a алгоритмы 
610 1 |a подпространства Крылова 
610 1 |a многочлены Чебышева 
675 |a 519.61  |v 4 
700 1 |a Парлетт  |b Б. 
801 1 |a RU  |b 63413507  |c 20150720 
801 2 |a RU  |b 63413507  |c 20160725  |g RCR 
942 |c BK